| 000 | 00731nam a22001817a 4500 | ||
|---|---|---|---|
| 005 | 20260415114823.0 | ||
| 008 | 250219b |||||||| |||| 00| 0 eng d | ||
| 082 |
_22023 _aUT |
||
| 100 |
_aClaud, Jellie Mae P. _965563 |
||
| 245 |
_aEntrepreneurial traits and intentions among tourism management students / _cJellie Mae P. Claud, Ronna H. Dela Concepcion, and Charity P. Magdadaro |
||
| 260 |
_aDigos City : _bUMDC, _c©April 2023. |
||
| 300 |
_aviii, 49 pages : _billustration (some colors) ; _c29 cm. |
||
| 500 | _a Includes references and appendices. | ||
| 650 | 0 |
_aTourism management. _xUndergraduate thesis. _970589 |
|
| 700 |
_aDela Concepcion, Ronna H. _965564 |
||
| 700 |
_aMagdadaro, Charity P. _965565 |
||
| 942 |
_2ddc _cUT |
||
| 999 |
_c23523 _d23523 |
||